000 00813nam a2200301Ia 4500
008 170203s9999 xx 000 0 und d
020 _a0-618065679
050 _aFic
050 _bW535c
100 _aRey, H.A.
245 _aCurious George takes a train /
245 _cillustrated in the style of H.A. Rey by Martha Weston.
260 _aNew York :
260 _bScholastic Inc.
260 _c2002
300 _a24 pages :
300 _bcolor illustrations ;
300 _c21 cm
650 _aMonkeys --
650 _aMonkeys --
650 _aRailroad stations --
650 _aRailroad stations --
650 _xFiction.
650 _xFiction.
650 _xJuvenile fiction.
650 _xJuvenile fiction.
700 _a Margret and H.A. Rey's Curious George takes a train.
999 _c306609
_d306609